Valuation of securities and influence of value on financial decisions of a firm (Record no. 22669)

MARC details
000 -LEADER
fixed length control field 00467nam a2200157Ia 4500
082 ## - DEWEY DECIMAL CLASSIFICATION NUMBER
Classification number TB.0117
100 ## - MAIN ENTRY--AUTHOR NAME
Personal name Barua, S.K.
245 #0 - TITLE STATEMENT
Title Valuation of securities and influence of value on financial decisions of a firm
260 ## - PUBLICATION, DISTRIBUTION, ETC. (IMPRINT)
Year of publication 1980
Name of publisher Indian Institute of Management, Ahmedabad
300 ## - PHYSICAL DESCRIPTION
Number of Pages 95
650 ## - SUBJECT ADDED ENTRY--TOPICAL TERM
Topical Term Business enterprises
Geographic subdivision India
650 ## - SUBJECT ADDED ENTRY--TOPICAL TERM
Topical Term Business enterprises
Form subdivision Finance
650 ## - SUBJECT ADDED ENTRY--TOPICAL TERM
Topical Term Securities
Geographic subdivision India
710 ## - ADDED ENTRY--CORPORATE NAME
Corporate name or jurisdiction name as entry element Govindarajan, V.
942 ## - ADDED ENTRY ELEMENTS (KOHA)
Koha item type Thesis
Source of classification or shelving scheme Dewey Decimal Classification
Holdings
Withdrawn status Lost status Damaged status Not for loan Home library Current library Date acquired Full call number Accession Number Price effective from Koha item type
        NASSDOC Library NASSDOC Library 08/10/2004 TB.0117 13984 18/04/2019 Thesis